000 00797nam a2200217Ia 4500
001 Z_5216
008 220601s9999 xx 000 0 und d
090 _aTesis B 1844
100 _aBarrientos Hernández, Ismael
_910483
245 _aForrajes estivales para pastoreo / por Ismael Barrientos Hernández y Timoteo Gallegos Zapata
260 _aChapingo, Méx. : El autor
300 _a35 h.
502 _aTesis (Ing. Agr. Esp. en Zootecnia) -- UACH. Departamento de Zootecnia
650 _a1. Forrajes - Producción 2. Pastoreo 3. Maíz como forraje 4. Sorgo como forraje 5. Mijo
_9182104
700 _aGallegos Zapata, TimoteoÌ
_9182105
901 _aTESIS B 1844
902 _aM
905 _a0000002005 0000000000 00
942 _c2
999 _c216951
_d216951